[Event "WCO 2016"]
[Site "?"]
[Date "2016.09.13"]
[Round "11"]
[Board "19"]
[WhiteID "912840"]
[White "Ermeni Avni"]
[BlackID "7300697"]
[Black "Giron David"]
[Result "0-1"]
[BlackElo "2174"]
[WhiteElo "2270"]
[LiveChessVersion "1.4.8"]

1. e4 {[%clk 1:30:56]} c5 {[%clk 1:30:41]} 2. Nf3 {[%clk 1:31:20]} d6
{[%clk 1:31:05]} 3. Bb5+ {[%clk 1:31:37]} Nc6 {[%clk 1:31:16]} 4. O-O
{[%clk 1:32:00]} Nf6 {[%clk 1:31:02]} 5. Re1 {[%clk 1:31:56]} Bd7
{[%clk 1:31:12]} 6. c3 {[%clk 1:32:07]} a6 {[%clk 1:31:05]} 7. Bf1
{[%clk 1:31:18]} Bg4 {[%clk 1:30:51]} 8. h3 {[%clk 1:28:09]} Bxf3
{[%clk 1:30:53]} 9. Qxf3 {[%clk 1:28:33]} e6 {[%clk 1:30:12]} 10. a4
{[%clk 1:23:11]} Na5 {[%clk 1:19:22]} 11. Qd1 {[%clk 1:10:17]} c4
{[%clk 1:07:11]} 12. Na3 {[%clk 1:07:41]} Rc8 {[%clk 1:04:33]} 13. d3
{[%clk 1:02:47]} Nb3 {[%clk 0:52:47]} 14. Rb1 {[%clk 1:00:40]} Nxc1
{[%clk 0:53:09]} 15. Nxc4 {[%clk 0:54:05]} Nxd3 16. Qxd3 {[%clk 0:54:30]} Qc7
{[%clk 0:39:51]} 17. Rbd1 {[%clk 0:45:21]} Rd8 {[%clk 0:40:13]} 18. e5
{[%clk 0:40:06]} dxe5 {[%clk 0:33:14]} 19. Qxd8+ {[%clk 0:38:23]} Qxd8
{[%clk 0:33:39]} 20. Rxd8+ {[%clk 0:38:44]} Kxd8 {[%clk 0:34:08]} 21. Nxe5
{[%clk 0:38:59]} Ke8 {[%clk 0:34:29]} 22. Rd1 {[%clk 0:39:21]} Bc5
{[%clk 0:34:51]} 23. g4 {[%clk 0:34:41]} Bb6 {[%clk 0:13:40]} 24. Bg2
{[%clk 0:21:44]} Bc7 {[%clk 0:13:59]} 25. f4 {[%clk 0:19:59]} Bxe5
{[%clk 0:12:32]} 26. fxe5 {[%clk 0:20:19]} Nd5 {[%clk 0:12:58]} 27. Bxd5
{[%clk 0:18:57]} exd5 {[%clk 0:13:22]} 28. Rxd5 {[%clk 0:19:13]} h5
{[%clk 0:10:30]} 29. Rc5 {[%clk 0:15:05]} Kd7 {[%clk 0:10:17]} 30. gxh5
{[%clk 0:15:19]} Ke6 {[%clk 0:03:58]} 31. Rc7 {[%clk 0:14:51]} Rxh5
{[%clk 0:03:09]} 32. Rxb7 {[%clk 0:14:48]} Rxh3 {[%clk 0:01:51]} 33. Rb6+
{[%clk 0:11:20]} Kxe5 {[%clk 0:02:14]} 34. Rxa6 {[%clk 0:11:45]} g5
{[%clk 0:02:35]} 35. Rb6 {[%clk 0:05:56]} f5 {[%clk 0:00:36]} 36. a5
{[%clk 0:06:25]} Rd3 {[%clk 0:00:35]} 37. Kf2 {[%clk 0:05:22]} Rd1
{[%clk 0:00:50]} 38. Rb5+ {[%clk 0:05:18]} Ke4 {[%clk 0:00:36]} 39. Rb4+
{[%clk 0:02:19]} Ke5 {[%clk 0:00:50]} 40. Rd4 {[%clk 0:31:33]} Ra1
{[%clk 0:30:41]} 41. b4 {[%clk 0:31:11]} g4 {[%clk 0:22:50]} 42. Rd2
{[%clk 0:26:34]} f4 {[%clk 0:19:12]} 43. c4 {[%clk 0:24:50]} Ke4 {[%clk 0:09:09]}
44. c5 {[%clk 0:19:57]} g3+ {[%clk 0:07:32]} 45. Kg2 {[%clk 0:18:55]} Kf5
{[%clk 0:07:53]} 46. Rc2 {[%clk 0:10:46]} Kg4 {[%clk 0:07:08]} 47. Rc4
{[%clk 0:11:09]} Ra2+ {[%clk 0:07:26]} 48. Kg1 {[%clk 0:11:24]} Ra1+
{[%clk 0:07:50]} 49. Kg2 {[%clk 0:11:44]} Ra2+ {[%clk 0:07:45]} 50. Kg1
{[%clk 0:12:06]} Kh3 {[%clk 0:04:59]} 51. Rxf4 {[%clk 0:05:36]} Ra1+
{[%clk 0:05:20]} 52. Rf1 {[%clk 0:06:03]} Rxf1+ {[%clk 0:05:45]} 53. Kxf1
{[%clk 0:06:27]} Kh2 {[%clk 0:06:12]} 54. c6 {[%clk 0:02:50]} g2+
{[%clk 0:06:36]} 55. Ke2 {[%clk 0:03:13]} g1=Q {[%clk 0:06:49]} 56. b5
{[%clk 0:01:03]} Qb1 {[%clk 0:04:21]} 0-1

[Event "WCO 2016"]
[Site "?"]
[Date "2016.09.13"]
[Round "11"]
[Board "20"]
[WhiteID "7300034"]
[White "Juarez Flores Gustavo E."]
[BlackID "915998"]
[Black "Sadiku Bedri"]
[Result "0-1"]
[BlackElo "2189"]
[WhiteElo "2114"]
[LiveChessVersion "1.4.8"]

1. c4 {[%clk 1:30:54]} e5 {[%clk 1:28:22]} 2. Nc3 {[%clk 1:30:50]} d6
{[%clk 1:27:51]} 3. g3 {[%clk 1:30:30]} g6 {[%clk 1:28:06]} 4. Bg2
{[%clk 1:30:54]} Bg7 {[%clk 1:28:28]} 5. e3 {[%clk 1:27:01]} Nc6 {[%clk 1:27:09]}
6. Nge2 {[%clk 1:26:30]} Nge7 {[%clk 1:27:21]} 7. a3 {[%clk 1:23:44]} O-O
{[%clk 1:26:58]} 8. O-O {[%clk 1:19:30]} Bd7 {[%clk 1:24:33]} 9. d3
{[%clk 1:13:52]} Qc8 {[%clk 1:24:28]} 10. Re1 {[%clk 1:12:48]} Bh3
{[%clk 1:22:33]} 11. Bh1 {[%clk 1:12:40]} Nd8 {[%clk 1:22:39]} 12. b4
{[%clk 0:58:30]} c6 {[%clk 1:21:37]} 13. Bb2 {[%clk 0:58:22]} Qd7
{[%clk 1:18:01]} 14. Qb3 {[%clk 0:57:15]} Ne6 {[%clk 1:16:27]} 15. Rad1
{[%clk 0:49:04]} Rad8 {[%clk 1:13:51]} 16. Nb1 {[%clk 0:33:26]} d5
{[%clk 1:12:14]} 17. cxd5 {[%clk 0:32:20]} cxd5 {[%clk 1:11:24]} 18. Nd2
{[%clk 0:29:25]} a6 {[%clk 1:04:21]} 19. Rc1 {[%clk 0:28:37]} h6 {[%clk 1:02:43]}
20. a4 {[%clk 0:27:15]} g5 {[%clk 0:58:24]} 21. Nf3 {[%clk 0:20:49]} Ng6
{[%clk 0:58:17]} 22. Bg2 {[%clk 0:18:04]} Bxg2 {[%clk 0:57:21]} 23. Kxg2
{[%clk 0:18:32]} f5 {[%clk 0:54:54]} 24. d4 {[%clk 0:15:41]} e4 {[%clk 0:54:55]}
25. Ne5 {[%clk 0:15:50]} Nxe5 {[%clk 0:54:09]} 26. dxe5 {[%clk 0:16:13]} f4
{[%clk 0:54:26]} 27. Nd4 {[%clk 0:12:55]} Bxe5 {[%clk 0:51:35]} 28. Nxe6
{[%clk 0:12:15]} Qxe6 {[%clk 0:51:59]} 29. Bxe5 {[%clk 0:10:34]} Qxe5
{[%clk 0:52:02]} 30. gxf4 {[%clk 0:08:10]} gxf4 {[%clk 0:52:15]} 31. Kh1
{[%clk 0:07:52]} Rd7 {[%clk 0:49:27]} 32. Rg1+ {[%clk 0:08:09]} Kh7
{[%clk 0:49:32]} 33. Rg2 {[%clk 0:05:13]} fxe3 {[%clk 0:49:05]} 34. fxe3
{[%clk 0:04:02]} Rf5 {[%clk 0:46:39]} 35. Rcg1 {[%clk 0:03:46]} Rdf7
{[%clk 0:46:55]} 36. b5 {[%clk 0:02:15]} axb5 {[%clk 0:43:14]} 37. Qxb5
{[%clk 0:02:10]} Rg5 {[%clk 0:42:40]} 38. Rxg5 {[%clk 0:02:04]} hxg5
{[%clk 0:43:05]} 39. Qe2 {[%clk 0:02:01]} Rf3 {[%clk 0:43:03]} 40. Qg2
{[%clk 0:31:15]} Rxe3 {[%clk 1:08:27]} 41. Rb1 {[%clk 0:31:29]} Rf3
{[%clk 1:08:01]} 42. Rxb7+ {[%clk 0:31:46]} Kg6 {[%clk 1:08:24]} 43. Rb6+
{[%clk 0:28:38]} Kf5 {[%clk 1:08:07]} 44. Qc2 {[%clk 0:27:11]} Qa1+
{[%clk 1:07:53]} 45. Rb1 {[%clk 0:25:59]} Rf1+ {[%clk 1:08:16]} 46. Kg2
{[%clk 0:26:20]} Rxb1 {[%clk 1:07:58]} 47. Qc8+ {[%clk 0:26:38]} Ke5
{[%clk 1:08:02]} 48. Qc7+ {[%clk 0:23:36]} Kd4 {[%clk 1:08:15]} 49. Qa7+
{[%clk 0:22:33]} Kd3 {[%clk 1:08:35]} 50. Qa6+ {[%clk 0:22:41]} Ke3
{[%clk 1:08:57]} 51. Qa7+ {[%clk 0:09:29]} d4 {[%clk 1:09:06]} 0-1

[Event "WCO 2016"]
[Site "?"]
[Date "2016.09.13"]
[Round "11"]
[Board "17"]
[WhiteID "8400016"]
[White "Guillen Ramirez Jose Antonio"]
[BlackID "10500553"]
[Black "Yee Soon Wei"]
[Result "0-1"]
[BlackElo "2293"]
[WhiteElo "2269"]
[LiveChessVersion "1.4.8"]

1. d4 {[%clk 1:30:32]} Nf6 {[%clk 1:30:32]} 2. c4 {[%clk 1:30:44]} g6
{[%clk 1:29:30]} 3. Nc3 {[%clk 1:31:01]} d5 {[%clk 1:27:42]} 4. Nf3
{[%clk 1:31:10]} Bg7 {[%clk 1:27:14]} 5. Bf4 {[%clk 1:31:19]} O-O
{[%clk 1:26:46]} 6. e3 {[%clk 1:31:31]} c5 {[%clk 1:26:28]} 7. dxc5
{[%clk 1:31:23]} Qa5 {[%clk 1:26:24]} 8. Rc1 {[%clk 1:31:35]} dxc4
{[%clk 1:25:50]} 9. Bxc4 {[%clk 1:31:42]} Qxc5 {[%clk 1:25:27]} 10. Nb5
{[%clk 1:12:30]} Be6 {[%clk 1:25:12]} 11. Be2 {[%clk 0:54:34]} Qb4+
{[%clk 1:21:15]} 12. Nd2 {[%clk 0:38:09]} Ne4 {[%clk 0:51:39]} 13. Nc7
{[%clk 0:32:40]} Bxb2 {[%clk 0:37:28]} 14. Nxa8 {[%clk 0:13:40]} Nc6
{[%clk 0:14:43]} 15. Rc2 {[%clk 0:03:41]} Rd8 {[%clk 0:06:55]} 16. Rxb2
{[%clk 0:02:18]} Qxb2 {[%clk 0:06:31]} 17. Nxe4 {[%clk 0:02:42]} Rxd1+
{[%clk 0:05:35]} 18. Bxd1 {[%clk 0:03:11]} Bc4 {[%clk 0:03:29]} 19. Bg3
{[%clk 0:00:50]} Nb4 {[%clk 0:03:33]} 20. Nd2 {[%clk 0:00:42]} Nd3+
{[%clk 0:01:16]} 21. Ke2 {[%clk 0:01:10]} Nb4+ {[%clk 0:00:53]} 22. Ke1
{[%clk 0:01:21]} Bd3 {[%clk 0:00:58]} 23. Nb3 {[%clk 0:00:33]} Qc3+
{[%clk 0:01:07]} 24. Nd2 {[%clk 0:00:58]} Qc1 {[%clk 0:01:18]} 0-1

[Event "WCO 2016"]
[Site "?"]
[Date "2016.09.13"]
[Round "11"]
[Board "18"]
[WhiteID "10500499"]
[White "Pg Md Omar Ak Hafizon"]
[BlackID "8400709"]
[Black "Gavarrete Nahun"]
[Result "1/2-1/2"]
[BlackElo "2149"]
[WhiteElo "2168"]
[LiveChessVersion "1.4.8"]

1. e4 {[%clk 1:30:58]} c5 {[%clk 1:30:53]} 2. Nf3 {[%clk 1:31:23]} d6
{[%clk 1:31:19]} 3. Bb5+ {[%clk 1:29:45]} Bd7 {[%clk 1:31:30]} 4. Bxd7+
{[%clk 1:29:36]} Qxd7 {[%clk 1:31:57]} 5. c4 {[%clk 1:28:37]} Nc6
{[%clk 1:32:20]} 6. d4 {[%clk 1:22:01]} cxd4 {[%clk 1:30:12]} 7. Nxd4
{[%clk 1:17:45]} Nf6 {[%clk 1:30:26]} 8. Nc3 {[%clk 1:17:35]} g6 {[%clk 1:29:41]}
9. O-O {[%clk 1:08:41]} Bg7 {[%clk 1:26:53]} 10. Re1 {[%clk 0:52:24]} O-O
{[%clk 1:25:30]} 11. Be3 {[%clk 0:52:07]} Rac8 {[%clk 0:54:43]} 12. Nxc6
{[%clk 0:38:38]} Rxc6 {[%clk 0:42:17]} 13. b3 {[%clk 0:36:29]} a6
{[%clk 0:42:22]} 14. Bd4 {[%clk 0:32:18]} e5 {[%clk 0:39:43]} 15. Be3
{[%clk 0:31:33]} b5 {[%clk 0:39:20]} 16. Qd3 {[%clk 0:20:39]} Rfc8
{[%clk 0:34:13]} 17. Nd5 {[%clk 0:20:43]} bxc4 18. bxc4 {[%clk 0:20:42]} Nxd5
{[%clk 0:31:32]} 19. cxd5 {[%clk 0:20:31]} Rc4 {[%clk 0:31:40]} 20. f3
{[%clk 0:16:58]} Qa4 {[%clk 0:31:07]} 21. Qb3 {[%clk 0:16:38]} Rb4
{[%clk 0:30:54]} 22. Qxa4 {[%clk 0:15:48]} Rxa4 {[%clk 0:31:17]} 23. Rec1
{[%clk 0:14:46]} Rxc1+ {[%clk 0:28:50]} 24. Rxc1 {[%clk 0:14:01]} Bf8
{[%clk 0:28:52]} 25. Bg5 {[%clk 0:06:53]} Kg7 {[%clk 0:25:01]} 26. Rc8
{[%clk 0:06:46]} Rxa2 {[%clk 0:23:30]} 27. Bh6+ {[%clk 0:06:06]} Kxh6
{[%clk 0:23:45]} 28. Rxf8 {[%clk 0:06:34]} f5 {[%clk 0:15:07]} 29. exf5
{[%clk 0:03:29]} gxf5 {[%clk 0:15:14]} 30. Rf6+ {[%clk 0:03:34]} Kg5
{[%clk 0:12:07]} 31. Rxd6 {[%clk 0:03:09]} a5 {[%clk 0:11:22]} 32. g3
{[%clk 0:01:30]} Ra1+ {[%clk 0:10:00]} 33. Kg2 {[%clk 0:01:46]} Ra2+
{[%clk 0:10:27]} 34. Kg1 {[%clk 0:02:05]} Ra1+ {[%clk 0:10:55]} 35. Kg2
{[%clk 0:02:29]} Ra2+ {[%clk 0:11:19]} 36. Kg1 {[%clk 0:02:55]} Ra1+
{[%clk 0:11:20]} 1/2-1/2

[Event "WCO 2016"]
[Site "?"]
[Date "2016.09.13"]
[Round "11"]
[Board "19"]
[WhiteID "2212552"]
[White "Huguet Sergio"]
[BlackID "10500324"]
[Black "Hj Azahari Md Aliuddin"]
[Result "1-0"]
[BlackElo "2004"]
[WhiteElo "2099"]
[LiveChessVersion "1.4.8"]

1. e4 {[%clk 1:30:58]} d6 {[%clk 1:30:28]} 2. d4 {[%clk 1:31:01]} Nf6
{[%clk 1:29:57]} 3. Nc3 {[%clk 1:30:44]} e5 {[%clk 1:29:21]} 4. Nf3
{[%clk 1:29:05]} Nbd7 {[%clk 1:27:45]} 5. Bc4 {[%clk 1:28:12]} Be7
{[%clk 1:27:05]} 6. Ng5 {[%clk 1:26:50]} O-O {[%clk 1:18:48]} 7. Bxf7+
{[%clk 1:26:50]} Rxf7 {[%clk 1:18:39]} 8. Ne6 {[%clk 1:27:10]} Qe8
{[%clk 1:18:25]} 9. Nxc7 {[%clk 1:27:25]} Qd8 {[%clk 1:18:19]} 10. Nxa8
{[%clk 1:27:39]} b6 {[%clk 1:09:59]} 11. dxe5 {[%clk 1:09:34]} Nxe5
{[%clk 1:01:40]} 12. f4 {[%clk 1:09:13]} Nc6 {[%clk 0:45:05]} 13. e5
{[%clk 1:00:41]} Bg4 {[%clk 0:40:33]} 14. Qd2 {[%clk 1:00:18]} Ne8
{[%clk 0:36:12]} 15. Nb5 {[%clk 0:55:35]} d5 {[%clk 0:21:22]} 16. O-O
{[%clk 0:52:15]} Be6 {[%clk 0:16:36]} 17. c3 {[%clk 0:47:48]} Bc5+
{[%clk 0:13:03]} 18. Nd4 {[%clk 0:47:32]} Nxd4 {[%clk 0:10:52]} 19. cxd4
{[%clk 0:47:31]} Bf8 {[%clk 0:11:14]} 20. Qc2 {[%clk 0:39:41]} Qxa8
{[%clk 0:08:13]} 21. f5 {[%clk 0:39:35]} Qc8 {[%clk 0:07:23]} 22. Qxc8
{[%clk 0:37:33]} Bxc8 {[%clk 0:07:46]} 23. g4 {[%clk 0:35:37]} Ba6
{[%clk 0:06:07]} 24. Rf2 {[%clk 0:34:22]} Rc7 {[%clk 0:04:42]} 25. Be3
{[%clk 0:33:58]} Bc4 {[%clk 0:02:56]} 26. Rc2 {[%clk 0:32:58]} h5
{[%clk 0:01:56]} 27. Rac1 {[%clk 0:29:28]} Rb7 {[%clk 0:01:01]} 28. b3
{[%clk 0:29:28]} Bd3 {[%clk 0:01:18]} 29. Rc8 {[%clk 0:28:35]} Kf7
{[%clk 0:01:17]} 30. e6+ {[%clk 0:23:51]} Ke7 {[%clk 0:01:30]} 31. Rxe8+
{[%clk 0:13:48]} Kxe8 {[%clk 0:01:41]} 32. Rc8+ {[%clk 0:14:07]} Ke7
{[%clk 0:01:06]} 33. Bg5+ {[%clk 0:14:20]} Kd6 {[%clk 0:01:01]} 34. Rxf8
{[%clk 0:14:31]} hxg4 {[%clk 0:00:56]} 35. Rf7 {[%clk 0:11:35]} Ba6
{[%clk 0:00:37]} 36. e7 {[%clk 0:10:05]} Kd7 {[%clk 0:00:42]} 37. Rf8
{[%clk 0:10:00]} 1-0

[Event "WCO 2016"]
[Site "?"]
[Date "2016.09.13"]
[Round "11"]
[Board "21"]
[WhiteID "11500255"]
[White "Tamra Attallah"]
[BlackID "409014"]
[Black "Kirby Peter J."]
[Result "1-0"]
[BlackElo "2014"]
[WhiteElo "2087"]
[LiveChessVersion "1.4.8"]

1. Nf3 {[%clk 1:30:54]} c5 {[%clk 1:30:56]} 2. g3 {[%clk 1:31:14]} Nc6
{[%clk 1:31:14]} 3. Bg2 {[%clk 1:31:37]} g6 {[%clk 1:31:27]} 4. d4
{[%clk 1:31:19]} cxd4 {[%clk 1:31:32]} 5. Nxd4 {[%clk 1:31:36]} Bg7
{[%clk 1:30:38]} 6. c3 {[%clk 1:31:06]} Nf6 {[%clk 1:28:28]} 7. O-O
{[%clk 1:31:21]} O-O {[%clk 1:28:06]} 8. Na3 {[%clk 1:29:21]} d5 {[%clk 1:21:55]}
9. Bf4 {[%clk 1:22:33]} Nh5 {[%clk 1:17:55]} 10. Be3 {[%clk 1:22:41]} e6
{[%clk 1:06:50]} 11. c4 {[%clk 1:14:31]} Nf6 {[%clk 1:00:03]} 12. Rc1
{[%clk 1:12:50]} Bd7 {[%clk 0:59:27]} 13. h3 {[%clk 1:11:25]} e5 {[%clk 0:53:11]}
14. Nxc6 {[%clk 1:06:47]} Bxc6 {[%clk 0:52:36]} 15. cxd5 {[%clk 1:06:42]} Nxd5
{[%clk 0:51:56]} 16. Bc5 {[%clk 1:06:41]} Re8 {[%clk 0:51:40]} 17. Qb3
{[%clk 1:06:39]} e4 {[%clk 0:45:44]} 18. Rfd1 {[%clk 1:06:33]} Qf6
{[%clk 0:44:40]} 19. Rxd5 {[%clk 1:04:59]} Bxd5 {[%clk 0:44:59]} 20. Qxd5
{[%clk 1:05:19]} Qxb2 {[%clk 0:44:59]} 21. Rc2 {[%clk 1:04:52]} Qa1+
{[%clk 0:43:46]} 22. Kh2 {[%clk 1:05:18]} b6 {[%clk 0:42:44]} 23. Bd6
{[%clk 1:04:20]} Rad8 {[%clk 0:40:36]} 24. Qb5 {[%clk 1:00:07]} Qd4
{[%clk 0:38:53]} 25. Bc7 {[%clk 0:59:22]} Rc8 {[%clk 0:37:07]} 26. Nc4
{[%clk 0:55:14]} Bf8 {[%clk 0:31:11]} 27. Ne3 {[%clk 0:47:46]} Bc5
{[%clk 0:30:33]} 28. Bf4 {[%clk 0:44:00]} Qa1 {[%clk 0:26:01]} 29. Qa4
{[%clk 0:41:54]} Qe1 {[%clk 0:24:46]} 30. Ng4 {[%clk 0:41:10]} Bxf2
{[%clk 0:23:10]} 31. h4 {[%clk 0:37:52]} Red8 {[%clk 0:14:28]} 32. Rxc8
{[%clk 0:36:09]} Rxc8 {[%clk 0:14:53]} 33. Qd7 {[%clk 0:35:55]} Bg1+
{[%clk 0:12:14]} 34. Kh3 {[%clk 0:36:21]} Qc3 {[%clk 0:11:51]} 35. Nh6+
{[%clk 0:35:00]} Kh8 {[%clk 0:10:12]} 36. Nxf7+ {[%clk 0:35:08]} Kg8
{[%clk 0:10:37]} 37. Ng5 {[%clk 0:32:39]} Qc4 {[%clk 0:09:08]} 38. Qxh7+
{[%clk 0:32:28]} Kf8 {[%clk 0:09:36]} 39. Bd6+ {[%clk 0:32:44]} Ke8 1-0

[Event "WCO 2016"]
[Site "?"]
[Date "2016.09.13"]
[Round "11"]
[Board "22"]
[WhiteID "10700099"]
[White "Rowe Peter"]
[BlackID "11501863"]
[Black "Alhadad Mahmoud"]
[Result "1-0"]
[BlackElo "1999"]
[WhiteElo "1966"]
[LiveChessVersion "1.4.8"]

1. d4 {[%clk 1:30:50]} Nf6 {[%clk 1:30:54]} 2. Nf3 {[%clk 1:30:55]} e6
{[%clk 1:31:18]} 3. Bf4 {[%clk 1:31:04]} c5 {[%clk 1:31:30]} 4. c3
{[%clk 1:30:11]} d5 {[%clk 1:31:44]} 5. e3 {[%clk 1:29:59]} Nbd7 {[%clk 1:31:48]}
6. Bd3 {[%clk 1:28:08]} Ne4 {[%clk 1:32:07]} 7. Nbd2 {[%clk 1:25:50]} Ndf6
{[%clk 1:32:07]} 8. O-O {[%clk 1:20:14]} Be7 {[%clk 1:30:29]} 9. h3
{[%clk 1:15:47]} O-O {[%clk 1:30:52]} 10. Qc2 {[%clk 1:15:08]} Nxd2
{[%clk 1:31:02]} 11. Qxd2 {[%clk 1:14:26]} b6 {[%clk 1:31:26]} 12. Ne5
{[%clk 1:13:01]} Ne4 {[%clk 1:30:40]} 13. Qc2 {[%clk 1:10:12]} Bb7
{[%clk 1:31:07]} 14. f3 {[%clk 1:09:20]} Nf6 {[%clk 1:31:12]} 15. Ng4
{[%clk 1:06:54]} h6 {[%clk 1:28:04]} 16. Ne5 {[%clk 1:02:47]} Nd7
{[%clk 1:23:49]} 17. Qe2 {[%clk 0:57:34]} c4 {[%clk 1:22:58]} 18. Bc2
{[%clk 0:57:16]} Nxe5 {[%clk 1:22:47]} 19. dxe5 {[%clk 0:56:50]} Bg5
{[%clk 1:22:23]} 20. Bxg5 {[%clk 0:55:20]} Qxg5 {[%clk 1:22:50]} 21. f4
{[%clk 0:55:06]} Qh4 {[%clk 1:23:02]} 22. Kh2 {[%clk 0:53:12]} f5
{[%clk 1:23:12]} 23. g3 {[%clk 0:53:01]} Qe7 {[%clk 1:23:33]} 24. Rg1
{[%clk 0:50:52]} Bc6 {[%clk 1:18:16]} 25. g4 {[%clk 0:44:37]} Qh4
{[%clk 1:07:56]} 26. gxf5 {[%clk 0:41:20]} exf5 {[%clk 1:07:09]} 27. Qg2
{[%clk 0:40:32]} Qe7 {[%clk 1:03:57]} 28. Qg6 {[%clk 0:39:19]} Be8
{[%clk 1:03:40]} 29. Qxh6 {[%clk 0:39:28]} Rc8 {[%clk 1:03:18]} 30. Rg5
{[%clk 0:34:33]} Rc6 {[%clk 1:02:00]} 31. Qh4 {[%clk 0:34:29]} Qe6
{[%clk 1:01:37]} 32. Rag1 {[%clk 0:32:53]} g6 {[%clk 1:02:04]} 33. Ba4
{[%clk 0:29:00]} b5 {[%clk 1:01:40]} 34. Bxb5 {[%clk 0:28:15]} Rb6
{[%clk 1:02:07]} 35. Bxe8 {[%clk 0:27:33]} Rxe8 {[%clk 1:00:13]} 36. Qh6
{[%clk 0:27:03]} Rxb2+ {[%clk 0:57:25]} 37. Kh1 {[%clk 0:25:48]} Kf7
{[%clk 0:54:38]} 38. Rxg6 {[%clk 0:24:03]} Qxg6 {[%clk 0:54:57]} 39. Rxg6
{[%clk 0:22:23]} Rb1+ {[%clk 0:55:07]} 40. Kg2 {[%clk 0:52:05]} Rf8
{[%clk 1:22:06]} 41. Rf6+ {[%clk 0:51:56]} 1-0

[Event "WCO 2016"]
[Site "?"]
[Date "2016.09.13"]
[Round "11"]
[Board "24"]
[WhiteID "10700021"]
[White "Hale Andrew"]
[BlackID "3400085"]
[Black "Michel Yunis Christian D."]
[Result "0-1"]
[BlackElo "2234"]
[WhiteElo "1940"]
[LiveChessVersion "1.4.8"]

1. e4 {[%clk 1:30:51]} d5 {[%clk 1:30:30]} 2. exd5 {[%clk 1:31:08]} Qxd5
{[%clk 1:30:51]} 3. Nc3 {[%clk 1:31:26]} Qd6 {[%clk 1:31:05]} 4. d4
{[%clk 1:30:54]} c6 {[%clk 1:31:20]} 5. Bg5 {[%clk 1:29:00]} Nf6 {[%clk 1:29:40]}
6. Bc4 {[%clk 1:23:13]} Nbd7 {[%clk 1:24:33]} 7. Nf3 {[%clk 1:06:01]} Nb6
{[%clk 1:24:46]} 8. Bb3 {[%clk 1:00:28]} Bg4 {[%clk 1:23:57]} 9. Bxf6
{[%clk 0:54:11]} Qxf6 {[%clk 1:10:32]} 10. Ne4 {[%clk 0:48:05]} Qf4
{[%clk 1:07:51]} 11. Neg5 {[%clk 0:41:47]} e6 {[%clk 1:06:02]} 12. Qd2
{[%clk 0:37:58]} Qxd2+ {[%clk 1:02:48]} 13. Kxd2 {[%clk 0:33:44]} Be7
{[%clk 0:44:32]} 14. Nxf7 {[%clk 0:29:42]} Bxf3 {[%clk 0:43:11]} 15. Nxh8
{[%clk 0:29:43]} Bd5 {[%clk 0:39:47]} 16. h4 {[%clk 0:22:45]} Kf8
{[%clk 0:37:37]} 17. Rae1 {[%clk 0:17:30]} Re8 {[%clk 0:26:49]} 18. c3
{[%clk 0:12:43]} Kg8 {[%clk 0:24:41]} 19. Ng6 {[%clk 0:10:51]} hxg6
{[%clk 0:24:52]} 20. f3 {[%clk 0:10:59]} Kf7 {[%clk 0:22:29]} 21. h5
{[%clk 0:09:00]} gxh5 {[%clk 0:16:38]} 22. Rxh5 {[%clk 0:08:31]} Bf6
{[%clk 0:14:44]} 23. Bc2 {[%clk 0:07:00]} Rd8 {[%clk 0:12:03]} 24. Kc1
{[%clk 0:06:22]} Nd7 {[%clk 0:06:20]} 25. b3 {[%clk 0:05:35]} b5 {[%clk 0:06:46]}
26. Bd3 {[%clk 0:04:42]} Nb6 {[%clk 0:06:00]} 27. a4 {[%clk 0:03:18]} Bxb3
{[%clk 0:05:22]} 28. axb5 {[%clk 0:02:46]} cxb5 {[%clk 0:04:25]} 29. Rxb5
{[%clk 0:02:38]} Bd5 {[%clk 0:04:40]} 30. Rb4 {[%clk 0:02:25]} Rc8
{[%clk 0:04:33]} 31. Kb2 {[%clk 0:02:20]} Be7 {[%clk 0:04:24]} 32. Ba6
{[%clk 0:00:48]} Rc7 0-1

[Event "WCO 2016"]
[Site "?"]
[Date "2016.09.13"]
[Round "11"]
[Board "21"]
[WhiteID "16100352"]
[White "Mohamud Hussein Ali "]
[BlackID "13100050"]
[Black "Rakotomaharo Fy Antenaina"]
[Result "0-1"]
[BlackElo "2439"]
[WhiteElo "1606"]
[LiveChessVersion "1.4.8"]

1. e4 {[%clk 1:30:53]} c5 {[%clk 1:30:49]} 2. Nf3 {[%clk 1:31:15]} b6
{[%clk 1:31:08]} 3. d4 {[%clk 1:31:24]} cxd4 {[%clk 1:31:31]} 4. Nxd4
{[%clk 1:31:43]} Bb7 {[%clk 1:31:57]} 5. Nc3 {[%clk 1:31:49]} a6 {[%clk 1:32:15]}
6. Bd3 {[%clk 1:31:32]} g6 {[%clk 1:32:28]} 7. Be3 {[%clk 1:31:39]} Bg7
{[%clk 1:32:30]} 8. Qd2 {[%clk 1:30:09]} d6 {[%clk 1:31:26]} 9. O-O
{[%clk 1:20:53]} Nd7 {[%clk 1:30:08]} 10. f4 {[%clk 1:14:39]} Ngf6
{[%clk 1:23:47]} 11. Nde2 {[%clk 1:03:58]} b5 {[%clk 1:13:26]} 12. a3
{[%clk 1:00:48]} Ng4 {[%clk 1:13:49]} 13. Bd4 {[%clk 1:00:35]} e5
{[%clk 1:14:12]} 14. fxe5 {[%clk 1:00:02]} dxe5 {[%clk 1:11:48]} 15. Bf2
{[%clk 0:58:45]} O-O {[%clk 1:09:35]} 16. h3 {[%clk 0:58:02]} Bh6
{[%clk 1:09:42]} 17. Qe1 {[%clk 0:57:23]} Nxf2 {[%clk 1:09:22]} 18. Qxf2
{[%clk 0:57:32]} Qb6 {[%clk 1:09:43]} 19. Rad1 {[%clk 0:56:53]} Be3
{[%clk 1:10:05]} 0-1

[Event "WCO 2016"]
[Site "?"]
[Date "2016.09.13"]
[Round "11"]
[Board "22"]
[WhiteID "13100424"]
[White "Rajaonarison Faniry"]
[BlackID "16100239"]
[Black "Fidow Kassim Hassan"]
[Result "1-0"]
[BlackElo "1567"]
[WhiteElo "2150"]
[LiveChessVersion "1.4.8"]

1. e4 {[%clk 1:30:50]} c5 {[%clk 1:29:54]} 2. Nf3 {[%clk 1:31:13]} Nc6
{[%clk 1:30:01]} 3. Nc3 {[%clk 1:30:40]} e6 {[%clk 1:30:11]} 4. d4
{[%clk 1:30:21]} cxd4 {[%clk 1:30:25]} 5. Nxd4 {[%clk 1:30:45]} a6
{[%clk 1:30:23]} 6. Be2 {[%clk 1:29:26]} Nf6 {[%clk 1:28:20]} 7. O-O
{[%clk 1:29:15]} Qc7 {[%clk 1:28:30]} 8. Be3 {[%clk 1:26:50]} h5 {[%clk 1:26:04]}
9. f4 {[%clk 1:27:06]} Bc5 {[%clk 1:23:32]} 10. Kh1 {[%clk 1:26:04]} Ba7
{[%clk 1:21:13]} 11. Bg1 {[%clk 1:13:36]} b5 {[%clk 1:17:06]} 12. e5
{[%clk 1:14:05]} Ng4 {[%clk 1:14:28]} 13. Ne4 {[%clk 1:07:05]} Bb7
{[%clk 1:04:15]} 14. Nd6+ {[%clk 1:07:14]} Kf8 {[%clk 1:04:27]} 15. c3
{[%clk 1:03:35]} Qb6 {[%clk 1:04:20]} 16. Nxe6+ {[%clk 1:03:36]} dxe6
{[%clk 0:59:20]} 17. Bxb6 {[%clk 1:04:05]} Bxb6 {[%clk 0:55:30]} 18. Bxg4
{[%clk 1:04:34]} hxg4 {[%clk 0:55:01]} 19. Nxb7 {[%clk 1:04:53]} Kg8
{[%clk 0:53:59]} 20. Qxg4 {[%clk 1:03:17]} Ne7 {[%clk 0:53:50]} 21. Nd6
{[%clk 1:02:49]} g6 {[%clk 0:53:38]} 22. f5 {[%clk 1:02:03]} exf5
{[%clk 0:52:48]} 23. Nxf5 {[%clk 1:02:26]} Nd5 {[%clk 0:50:04]} 24. Rad1
{[%clk 1:02:55]} Rd8 {[%clk 0:47:39]} 25. Rxd5 {[%clk 1:03:24]} Re8
{[%clk 0:46:33]} 26. Rd6 {[%clk 1:01:55]} Ba7 {[%clk 0:38:00]} 27. Rxg6+
{[%clk 1:02:25]} Kf8 {[%clk 0:37:59]} 28. Nd6 {[%clk 1:02:47]} Ke7
{[%clk 0:37:21]} 29. Rxf7+ {[%clk 1:02:56]} 1-0